000 00590nam a2200229Ia 4500
003 OSt
005 20221005123732.0
006 a|||||r|||| 00| 0
007 ta
008 221004b |||||||| |||| 00| 0 tam d
024 _a12921
037 _cTextual
040 _aCRL
_cCRL
_btam
041 _2tam
_atam
082 _aQ29M2xM17w, 31M0
100 _aMeenakshisudaram K
_9634151
245 0 _aMaharshi devendranath Tagore
260 _c1980
650 _aRELIGION
942 _hQ29M2xM17w, 31M0
_cTEXL
_2cc
999 _c1048326
_d1048326